000 00720nam a2200289Ia 4500
005 20260324121122.0
008 008 260324s9999 xx 000 0 eng d
020 _a9781351274609
037 _aEBOOK
040 _aCRL
040 _beng
040 _cCRL
041 _2eng
041 _aeng
084 _qCRL
100 _aJoanna Sullivan
_91161261
245 0 _aCreating Employee Champions
245 0 _bHow to Drive Business Success through Sustainability Engagement Training
260 _bTaylor and Francis
260 _c2014
365 _a
365 _b155
856 _uhttp://www.taylorfrancis.com/books/9781351274609
942 _cEBOOK
999 _c1753170
_d1753170